<?xml version="1.0" encoding="UTF-8"?>
<record
    xmlns:xsi="http://www.w3.org/2001/XMLSchema-instance"
    xsi:schemaLocation="http://www.loc.gov/MARC21/slim http://www.loc.gov/standards/marcxml/schema/MARC21slim.xsd"
    xmlns="http://www.loc.gov/MARC21/slim">

  <leader>00262nam a2200109   4500</leader>
  <datafield tag="082" ind1=" " ind2=" ">
    <subfield code="a">668.6 DES</subfield>
    <subfield code="b">007559</subfield>
  </datafield>
  <datafield tag="100" ind1=" " ind2=" ">
    <subfield code="a">De silva,C.S.</subfield>
    <subfield code="9">363</subfield>
  </datafield>
  <datafield tag="245" ind1=" " ind2=" ">
    <subfield code="a">Fertilizers and Plant Propagation</subfield>
  </datafield>
  <datafield tag="260" ind1=" " ind2=" ">
    <subfield code="b">Open University of Sri Lanka</subfield>
    <subfield code="c">1991</subfield>
  </datafield>
  <datafield tag="300" ind1=" " ind2=" ">
    <subfield code="a">123</subfield>
  </datafield>
  <datafield tag="942" ind1=" " ind2=" ">
    <subfield code="c">BK</subfield>
  </datafield>
  <datafield tag="999" ind1=" " ind2=" ">
    <subfield code="c">5055</subfield>
    <subfield code="d">5055</subfield>
  </datafield>
  <datafield tag="952" ind1=" " ind2=" ">
    <subfield code="0">0</subfield>
    <subfield code="1">0</subfield>
    <subfield code="7">0</subfield>
    <subfield code="8">NFIC</subfield>
    <subfield code="a">IC</subfield>
    <subfield code="b">IC</subfield>
    <subfield code="c">GEN</subfield>
    <subfield code="d">2024-06-15</subfield>
    <subfield code="l">0</subfield>
    <subfield code="o">668.6 DES</subfield>
    <subfield code="p">007559</subfield>
    <subfield code="r">2024-06-15 14:54:33</subfield>
    <subfield code="w">2024-06-15</subfield>
    <subfield code="y">BK</subfield>
  </datafield>
</record>
